011220000a220008500045001000018000002450063000183000036000815200861001177730058009781 aPixley, Jorge10aErotismo y misticismo : Una práctica de interpretación aNum. 38 (2001), Páginas 69-88 aEste artículo parte de un análisis del contraste entre el amor/deseo en Cantares de los Cantares y el amor desinteresado en Pablo. Toma nota del enorme interés que siempre provocó el libro de Cantares, y cómo este interés se cultivó especialmente en los conventos. Explora la relación entre erotismo, ascetismo y mística, entendida ésta como la práctica de la presencia de Dios. Orígenes sentó las bases de una mística exegética que veía en Cantares el libro más teológico de la Biblia. Después de analizar esta interpretación se toma nota de la tradición mística del monasticismo, escogiendo a Bernardo de Claraval como modelo para estudio. Mediante un contraste entre Bernardo y su contemporáneo Pedro Abelardo se termina notando el vacío de un misticismo cristiano que parta del amor carnal entre esposos.0 tRevista de Interpretación Bíblica Latinoamericana